000 00735cab a2200229 4500
001 ABS54273
008 090401t1995 xxu||||| |||| 00| 0 eng d
035 _a(Sirsi) u9455
041 _aeng
100 _aAnumba, C. J.
245 _aEnsuring the long-term effectiveness of partial underpins
260 _c1995
350 _a0
490 _aStructural Survey
_v13(4) 1995, 23-27(5)
520 _aDiscusses the effectiveness of partial underpinning as a means of repairing and preventing the damage done by subsidence to buildings.
650 _aPARTIAL UNDERPINNING
650 _aSUBSIDENCE DAMAGE
690 _aBUILDING AND CONSTRUCTION-REPAIRS AND MAINTENANCE
700 _aRafiq, M.
942 _n0
948 _c04/03/1997
999 _c5909
_d5909